[Event "8th Vellmar Chess Days"]
[Site "chess24.com"]
[Date "2016.07.29"]
[Round "2"]
[White "Dannhaeuser, Kevin"]
[Black "Mueller, Tobias"]
[Result "1/2-1/2"]
[Board "21"]
[WhiteElo "2056"]
[WhiteCountry "GER"]
[WhiteFideId "12912760"]
[WhiteEloChange "-8"]
[BlackElo "1672"]
[BlackCountry "GER"]
[BlackFideId "12947334"]
[BlackEloChange "8"]

1. Nf3 {[%clk 1:28:17]} g6 {[%clk 1:29:36]} 2. g3 {[%clk 1:28:38]} Bg7 {[%clk
1:29:25]} 3. c4 {[%clk 1:28:36]} c5 {[%clk 1:28:15]} 4. Bg2 {[%clk 1:28:46]} Nc6
{[%clk 1:26:20]} 5. O-O {[%clk 1:28:55]} Nf6 {[%clk 1:24:10]} 6. Nc3 {[%clk
1:29:12]} d6 {[%clk 1:22:12]} 7. d4 {[%clk 1:28:59]} cxd4 {[%clk 1:21:01]} 8.
Nxd4 {[%clk 1:29:26]} Nxd4 {[%clk 1:20:40]} 9. Qxd4 {[%clk 1:29:28]} O-O {[%clk
1:20:42]} 10. Qd2 {[%clk 1:22:27]} Rb8 {[%clk 1:18:28]} 11. Rd1 {[%clk 1:19:56]}
b6 {[%clk 1:16:55]} 12. Nb5 {[%clk 1:19:14]} Qd7 {[%clk 1:12:25]} 13. Qb4 {[%clk
1:14:11]} Bb7 {[%clk 1:10:05]} 14. f3 {[%clk 1:14:29]} Ba8 {[%clk 1:08:53]} 15.
Be3 {[%clk 1:14:04]} a6 {[%clk 1:03:18]} 16. Nd4 {[%clk 1:07:19]} Qc7 {[%clk
0:51:50]} 17. Rd3 {[%clk 1:05:07]} d5 {[%clk 0:45:50]} 18. Rc1 {[%clk 1:02:11]}
a5 {[%clk 0:41:16]} 19. Qb3 {[%clk 0:53:32]} Qb7 {[%clk 0:35:47]} 20. c5 {[%clk
0:52:39]} bxc5 {[%clk 0:35:12]} 21. Rxc5 {[%clk 0:52:32]} Qxb3 {[%clk 0:34:36]}
22. Rxb3 {[%clk 0:51:52]} e5 {[%clk 0:34:47]} 23. Rxb8 {[%clk 0:38:29]} Rxb8
{[%clk 0:35:04]} 24. Rb5 {[%clk 0:38:43]} Rc8 {[%clk 0:34:43]} 25. Bh3 {[%clk
0:38:14]} Rd8 {[%clk 0:33:17]} 26. Nb3 {[%clk 0:36:34]} d4 {[%clk 0:30:55]} 27.
Bg5 {[%clk 0:35:38]} d3 {[%clk 0:30:08]} 28. exd3 {[%clk 0:29:23]} a4 {[%clk
0:30:29]} 29. Nd2 {[%clk 0:27:48]} h6 {[%clk 0:28:33]} 30. Bxf6 {[%clk 0:25:54]}
Bxf6 {[%clk 0:28:50]} 31. Bf1 {[%clk 0:23:51]} Bg5 {[%clk 0:28:25]} 32. Nc4
{[%clk 0:20:07]} Bxf3 {[%clk 0:28:33]} 33. Rxe5 {[%clk 0:20:29]} Bf6 {[%clk
0:27:59]} 34. Kf2 {[%clk 0:20:09]} Bxe5 {[%clk 0:27:56]} 35. Kxf3 {[%clk
0:20:33]} Bd4 {[%clk 0:28:02]} 36. Be2 {[%clk 0:19:05]} f5 {[%clk 0:24:31]} 37.
Bd1 {[%clk 0:15:33]} Ra8 {[%clk 0:23:05]} 38. Kf4 {[%clk 0:15:11]} Kg7 {[%clk
0:22:50]} 39. g4 {[%clk 0:14:45]} Kf6 {[%clk 0:22:44]} 40. gxf5 {[%clk 0:15:08]}
gxf5 {[%clk 0:22:29]} 41. Bf3 {[%clk 0:13:06]} Ra7 {[%clk 0:21:33]} 42. Bc6
{[%clk 0:11:44]} Bg1 {[%clk 0:21:31]} 43. h4 {[%clk 0:11:30]} Bd4 {[%clk
0:20:00]} 44. Be8 {[%clk 0:10:02]} Bc5 {[%clk 0:18:17]} 45. a3 {[%clk 0:05:37]}
Bg1 {[%clk 0:17:14]} 46. Bc6 {[%clk 0:03:32]} Bh2+ {[%clk 0:16:40]} 47. Ke3
{[%clk 0:02:26]} Bg3 {[%clk 0:15:58]} 48. d4 {[%clk 0:30:08]} Bxh4 {[%clk
0:46:33]} 49. d5 {[%clk 0:30:34]} Bg5+ {[%clk 0:46:36]} 50. Kf3 {[%clk 0:30:33]}
Kf7 {[%clk 0:46:26]} 51. Nb6 {[%clk 0:28:16]} Bc1 {[%clk 0:45:11]} 52. Nxa4
{[%clk 0:28:11]} 1/2-1/2

[Event "8th Vellmar Chess Days"]
[Site "chess24.com"]
[Date "2016.07.29"]
[Round "2"]
[White "Heinelt, Manfred"]
[Black "Hansult, Manfred"]
[Result "1-0"]
[Board "22"]
[WhiteElo "2175"]
[WhiteCountry "GER"]
[WhiteFideId "4656695"]
[WhiteEloChange "3"]
[BlackElo "1886"]
[BlackCountry "GER"]
[BlackFideId "4677030"]
[BlackEloChange "-3"]

1. d4 {[%clk 1:30:53]} d5 {[%clk 1:26:26]} 2. c4 {[%clk 1:31:13]} c6 {[%clk
1:26:24]} 3. Nc3 {[%clk 1:31:34]} Nf6 {[%clk 1:26:17]} 4. Nf3 {[%clk 1:31:48]}
dxc4 {[%clk 1:25:52]} 5. a4 {[%clk 1:31:42]} Bf5 {[%clk 1:25:17]} 6. e3 {[%clk
1:31:31]} e6 {[%clk 1:24:50]} 7. Bxc4 {[%clk 1:31:52]} Bb4 {[%clk 1:24:43]} 8.
O-O {[%clk 1:32:08]} O-O {[%clk 1:23:42]} 9. Qe2 {[%clk 1:31:10]} Bg6 {[%clk
1:21:49]} 10. Rd1 {[%clk 1:26:36]} Qe7 {[%clk 1:14:47]} 11. h3 {[%clk 1:21:00]}
a5 {[%clk 1:07:35]} 12. Nh4 {[%clk 1:14:55]} Nbd7 {[%clk 0:59:05]} 13. Nxg6
{[%clk 1:12:12]} hxg6 {[%clk 0:59:21]} 14. e4 {[%clk 1:11:50]} Nb6 {[%clk
0:48:38]} 15. Bb3 {[%clk 1:07:05]} Nfd7 {[%clk 0:29:43]} 16. Be3 {[%clk 0:54:03]}
Rac8 {[%clk 0:25:35]} 17. Na2 {[%clk 0:40:57]} Rfd8 {[%clk 0:17:56]} 18. Rac1
{[%clk 0:31:16]} Re8 {[%clk 0:14:43]} 19. Nxb4 {[%clk 0:24:31]} axb4 {[%clk
0:10:46]} 20. a5 {[%clk 0:24:34]} Na8 {[%clk 0:11:01]} 21. a6 {[%clk 0:23:43]}
bxa6 {[%clk 0:10:42]} 22. Qxa6 {[%clk 0:23:59]} c5 {[%clk 0:08:33]} 23. Qb7
{[%clk 0:10:21]} Rc7 {[%clk 0:07:54]} 24. Qb5 {[%clk 0:09:54]} Rb8 {[%clk
0:07:48]} 25. Qa5 {[%clk 0:09:29]} Rbc8 {[%clk 0:06:42]} 26. dxc5 {[%clk
0:09:15]} Nxc5 {[%clk 0:05:43]} 27. Bxc5 {[%clk 0:09:33]} Rxc5 {[%clk 0:05:14]}
28. Rxc5 {[%clk 0:09:52]} Rxc5 {[%clk 0:02:17]} 29. Qxa8+ {[%clk 0:10:14]} Kh7
{[%clk 0:02:39]} 30. Qb8 {[%clk 0:08:42]} Qh4 {[%clk 0:01:28]} 31. Rd8 {[%clk
0:08:27]} Rc1+ {[%clk 0:00:33]} 1-0

[Event "8th Vellmar Chess Days"]
[Site "chess24.com"]
[Date "2016.07.29"]
[Round "2"]
[White "Schmidt, Daniel"]
[Black "Bergauz, Avigdor"]
[Result "0-1"]
[Board "23"]
[WhiteElo "1876"]
[WhiteCountry "GER"]
[WhiteFideId "12957950"]
[WhiteEloChange "-3"]
[BlackElo "2153"]
[BlackCountry "GER"]
[BlackFideId "12943770"]
[BlackEloChange "3"]

1. c4 {[%clk 1:30:57]} Nf6 {[%clk 1:27:57]} 2. Nc3 {[%clk 1:30:49]} c5 {[%clk
1:27:43]} 3. g3 {[%clk 1:30:59]} d5 {[%clk 1:26:49]} 4. cxd5 {[%clk 1:30:40]}
Nxd5 {[%clk 1:27:18]} 5. Bg2 {[%clk 1:30:21]} Nc7 {[%clk 1:27:48]} 6. Nf3 {[%clk
1:30:11]} Nc6 {[%clk 1:28:11]} 7. O-O {[%clk 1:29:59]} e5 {[%clk 1:28:40]} 8. d3
{[%clk 1:28:19]} Be7 {[%clk 1:29:01]} 9. a3 {[%clk 1:26:29]} O-O {[%clk 1:29:20]}
10. Qc2 {[%clk 1:25:27]} Bg4 {[%clk 1:28:00]} 11. e3 {[%clk 1:20:19]} Qd7 {[%clk
1:26:19]} 12. Ne1 {[%clk 1:16:09]} Rfd8 {[%clk 1:19:01]} 13. f3 {[%clk 1:07:10]}
Be6 {[%clk 1:15:55]} 14. Rb1 {[%clk 1:02:47]} Rac8 {[%clk 1:04:07]} 15. b3 {[%clk
0:56:51]} b5 {[%clk 1:03:33]} 16. Ne4 {[%clk 0:47:55]} f5 {[%clk 1:00:06]} 17.
Nxc5 {[%clk 0:45:16]} Bxc5 {[%clk 1:00:33]} 18. Qxc5 {[%clk 0:45:37]} Nd5 {[%clk
0:59:50]} 19. Qc2 {[%clk 0:41:04]} Na5 {[%clk 0:55:56]} 20. Qb2 {[%clk 0:35:26]}
Nxb3 {[%clk 0:35:27]} 21. Bd2 {[%clk 0:28:44]} Nb6 {[%clk 0:33:06]} 22. Rf2
{[%clk 0:23:20]} Bf7 {[%clk 0:22:12]} 23. Bb4 {[%clk 0:18:07]} a5 {[%clk
0:20:05]} 24. Bxa5 {[%clk 0:16:10]} Na4 {[%clk 0:16:58]} 25. Qxe5 {[%clk
0:15:52]} Rc5 {[%clk 0:15:31]} 26. Qf4 {[%clk 0:14:49]} Nxa5 {[%clk 0:16:00]} 27.
d4 {[%clk 0:12:08]} Rcc8 {[%clk 0:11:36]} 28. Bh3 {[%clk 0:10:59]} Be6 {[%clk
0:10:47]} 29. Nd3 {[%clk 0:09:47]} Nc4 {[%clk 0:09:28]} 30. Ne5 {[%clk 0:07:33]}
Nxe5 {[%clk 0:08:40]} 31. Qxe5 {[%clk 0:07:55]} Nc3 {[%clk 0:08:42]} 32. Re1
{[%clk 0:06:52]} Re8 {[%clk 0:04:50]} 33. Qf4 {[%clk 0:06:08]} Nd5 {[%clk
0:04:02]} 34. Qh4 {[%clk 0:05:51]} Nf6 {[%clk 0:03:41]} 35. Qf4 {[%clk 0:03:13]}
Ra8 {[%clk 0:02:47]} 36. e4 {[%clk 0:03:14]} fxe4 {[%clk 0:02:27]} 37. Bxe6+
{[%clk 0:03:24]} Rxe6 {[%clk 0:02:29]} 38. fxe4 {[%clk 0:03:37]} Qxd4 {[%clk
0:02:09]} 39. e5 {[%clk 0:03:04]} Qxf4 {[%clk 0:02:03]} 40. gxf4 {[%clk 0:02:56]}
Nd7 {[%clk 0:00:42]} 41. Rd2 {[%clk 0:02:16]} Nb6 {[%clk 0:26:33]} 42. f5 {[%clk
0:31:29]} Re7 {[%clk 0:21:58]} 43. e6 {[%clk 0:31:04]} Nc4 {[%clk 0:21:13]} 44.
Rd7 {[%clk 0:28:55]} Rxd7 {[%clk 0:21:07]} 45. exd7 {[%clk 0:29:11]} Kf7 {[%clk
0:21:29]} 46. Re4 {[%clk 0:24:37]} Nd6 {[%clk 0:19:34]} 47. Re6 {[%clk 0:21:26]}
Nxf5 {[%clk 0:16:50]} 48. Rb6 {[%clk 0:20:43]} Nd4 {[%clk 0:16:10]} 49. Rd6
{[%clk 0:20:03]} Ne6 {[%clk 0:16:33]} 50. Rd5 {[%clk 0:19:13]} Ke7 {[%clk
0:14:06]} 51. Rxb5 {[%clk 0:17:42]} Rxa3 {[%clk 0:14:33]} 52. Rd5 {[%clk
0:17:20]} Ra7 {[%clk 0:14:13]} 53. d8Q+ {[%clk 0:15:19]} Nxd8 {[%clk 0:14:41]}
54. Rg5 {[%clk 0:15:08]} Ne6 {[%clk 0:15:00]} 55. Rg4 {[%clk 0:15:07]} Ra2 {[%clk
0:15:16]} 56. h4 {[%clk 0:15:04]} Rd2 {[%clk 0:15:13]} 57. Kf1 {[%clk 0:14:45]}
Rd4 {[%clk 0:15:33]} 0-1

[Event "8th Vellmar Chess Days"]
[Site "chess24.com"]
[Date "2016.07.29"]
[Round "2"]
[White "Bollmann, Henrik"]
[Black "Kluempen, Andreas"]
[Result "1-0"]
[Board "24"]
[WhiteElo "2145"]
[WhiteCountry "GER"]
[WhiteFideId "24626007"]
[WhiteEloChange "4"]
[BlackElo "1917"]
[BlackCountry "GER"]
[BlackFideId "16226305"]
[BlackEloChange "-4"]

1. c4 {[%clk 1:30:58]} e5 {[%clk 1:30:43]} 2. Nc3 {[%clk 1:31:23]} Nf6 {[%clk
1:30:28]} 3. Nf3 {[%clk 1:31:48]} Nc6 {[%clk 1:29:15]} 4. a3 {[%clk 1:32:10]} d5
{[%clk 1:29:17]} 5. cxd5 {[%clk 1:32:35]} Nxd5 {[%clk 1:29:35]} 6. Qc2 {[%clk
1:32:37]} Be7 {[%clk 1:27:37]} 7. e3 {[%clk 1:32:59]} O-O {[%clk 1:26:41]} 8. Bb5
{[%clk 1:25:45]} Nxc3 {[%clk 1:12:17]} 9. bxc3 {[%clk 1:19:27]} Qd6 {[%clk
1:11:06]} 10. d4 {[%clk 1:16:22]} exd4 {[%clk 1:04:32]} 11. cxd4 {[%clk 1:16:30]}
Bd7 {[%clk 1:03:43]} 12. Bd3 {[%clk 1:08:43]} h6 {[%clk 1:02:45]} 13. O-O {[%clk
1:07:16]} Bg4 {[%clk 0:52:36]} 14. Nd2 {[%clk 1:01:59]} Rac8 {[%clk 0:40:20]} 15.
Bb2 {[%clk 0:59:49]} Be6 {[%clk 0:35:09]} 16. Rac1 {[%clk 0:53:35]} f6 {[%clk
0:20:03]} 17. Ne4 {[%clk 0:46:14]} Qd8 {[%clk 0:18:31]} 18. Nc5 {[%clk 0:45:53]}
Bxc5 {[%clk 0:18:44]} 19. Qxc5 {[%clk 0:46:11]} Qe7 {[%clk 0:17:20]} 20. d5
{[%clk 0:29:58]} Rfd8 {[%clk 0:05:19]} 21. dxc6 {[%clk 0:29:13]} Qxc5 {[%clk
0:04:23]} 22. Rxc5 {[%clk 0:29:41]} b6 {[%clk 0:04:37]} 23. Rc3 {[%clk 0:29:49]}
Rd6 {[%clk 0:04:08]} 24. Bb5 {[%clk 0:26:33]} Rcd8 {[%clk 0:04:26]} 25. Rcc1
{[%clk 0:26:26]} Kh8 {[%clk 0:02:00]} 26. Bd4 {[%clk 0:26:01]} Bd5 {[%clk
0:01:32]} 27. a4 {[%clk 0:26:09]} a5 {[%clk 0:01:34]} 28. h3 {[%clk 0:26:12]} f5
{[%clk 0:01:41]} 29. f4 {[%clk 0:26:26]} Rg6 {[%clk 0:01:54]} 30. Rf2 {[%clk
0:26:30]} 1-0

[Event "8th Vellmar Chess Days"]
[Site "chess24.com"]
[Date "2016.07.29"]
[Round "2"]
[White "Wuestehube, Harry"]
[Black "Rueberg, Jobst"]
[Result "0-1"]
[Board "25"]
[WhiteElo "1888"]
[WhiteCountry "GER"]
[WhiteFideId "24614084"]
[WhiteEloChange "-4"]
[BlackElo "2123"]
[BlackTitle "FM"]
[BlackCountry "GER"]
[BlackFideId "4677501"]
[BlackEloChange "4"]

1. e4 {[%clk 1:30:57]} c5 {[%clk 1:30:52]} 2. Nc3 {[%clk 1:31:18]} e6 {[%clk
1:30:35]} 3. f4 {[%clk 1:31:39]} a6 {[%clk 1:28:51]} 4. Nf3 {[%clk 1:31:57]} Nc6
{[%clk 1:28:44]} 5. g3 {[%clk 1:32:06]} d6 {[%clk 1:26:31]} 6. Bg2 {[%clk
1:32:20]} Bd7 {[%clk 1:24:06]} 7. O-O {[%clk 1:31:04]} Be7 {[%clk 1:21:36]} 8. d3
{[%clk 1:30:17]} Qc7 {[%clk 1:21:02]} 9. Bd2 {[%clk 1:18:18]} h5 {[%clk 1:15:58]}
10. h3 {[%clk 1:12:10]} Nd4 {[%clk 1:02:55]} 11. Nxd4 {[%clk 1:03:40]} cxd4
{[%clk 1:03:17]} 12. Ne2 {[%clk 1:03:59]} Bf6 {[%clk 0:59:44]} 13. Rc1 {[%clk
0:52:09]} Qb6 {[%clk 0:56:35]} 14. b3 {[%clk 0:49:57]} Ne7 {[%clk 0:55:14]} 15.
Kh1 {[%clk 0:47:08]} g6 {[%clk 0:49:59]} 16. c4 {[%clk 0:46:44]} Bg7 {[%clk
0:48:23]} 17. Qe1 {[%clk 0:44:04]} a5 {[%clk 0:45:01]} 18. Ng1 {[%clk 0:39:01]}
Nc6 {[%clk 0:37:16]} 19. h4 {[%clk 0:21:34]} O-O {[%clk 0:32:46]} 20. Bh3 {[%clk
0:19:18]} Qd8 {[%clk 0:30:36]} 21. Nf3 {[%clk 0:17:06]} Ne7 {[%clk 0:19:55]} 22.
Ng5 {[%clk 0:15:10]} Qc8 {[%clk 0:16:43]} 23. Qe2 {[%clk 0:09:05]} f6 {[%clk
0:11:06]} 24. Nf3 {[%clk 0:09:26]} e5 {[%clk 0:10:57]} 25. Bxd7 {[%clk 0:09:34]}
Qxd7 {[%clk 0:11:18]} 26. Kh2 {[%clk 0:09:05]} Nc6 {[%clk 0:09:36]} 27. Ng1
{[%clk 0:07:41]} f5 {[%clk 0:08:08]} 28. Nh3 {[%clk 0:07:43]} Rae8 {[%clk
0:08:19]} 29. Ng5 {[%clk 0:05:45]} Bf6 {[%clk 0:07:58]} 30. Qg2 {[%clk 0:04:38]}
Bxg5 {[%clk 0:07:44]} 31. fxg5 {[%clk 0:04:44]} Kg7 {[%clk 0:06:35]} 32. Rce1
{[%clk 0:03:20]} Rf7 {[%clk 0:06:51]} 33. exf5 {[%clk 0:03:35]} Rxf5 {[%clk
0:05:55]} 34. Re2 {[%clk 0:03:00]} Ref8 {[%clk 0:05:06]} 35. Ref2 {[%clk
0:03:29]} Qe6 {[%clk 0:05:00]} 36. Kg1 {[%clk 0:03:26]} R8f7 {[%clk 0:04:16]} 37.
a3 {[%clk 0:03:12]} Qd7 {[%clk 0:03:27]} 38. b4 {[%clk 0:02:18]} axb4 {[%clk
0:03:45]} 39. axb4 {[%clk 0:02:46]} Ne7 {[%clk 0:03:46]} 40. Qe4 {[%clk 0:02:07]}
b5 {[%clk 0:02:23]} 41. Kg2 {[%clk 0:26:52]} bxc4 {[%clk 0:22:25]} 42. Rxf5
{[%clk 0:24:15]} Nxf5 {[%clk 0:18:55]} 43. dxc4 {[%clk 0:24:05]} Qe6 {[%clk
0:18:41]} 44. Rc1 {[%clk 0:22:54]} Ra7 {[%clk 0:17:32]} 45. Rc2 {[%clk 0:17:48]}
Ra3 {[%clk 0:13:40]} 46. b5 {[%clk 0:16:27]} Rxg3+ {[%clk 0:12:58]} 47. Kh2
{[%clk 0:16:43]} Rb3 {[%clk 0:10:06]} 48. Ra2 {[%clk 0:16:21]} Ne7 {[%clk
0:09:38]} 49. Ra7 {[%clk 0:13:16]} Qh3+ {[%clk 0:09:27]} 50. Kg1 {[%clk 0:13:32]}
Rg3+ {[%clk 0:09:35]} 51. Kf2 {[%clk 0:13:19]} Qh2+ {[%clk 0:09:51]} 0-1

[Event "8th Vellmar Chess Days"]
[Site "chess24.com"]
[Date "2016.07.29"]
[Round "2"]
[White "Gorzinski, Dariusz"]
[Black "Lesny, Florian"]
[Result "1/2-1/2"]
[Board "27"]
[WhiteElo "2047"]
[WhiteCountry "GER"]
[WhiteFideId "1271836"]
[WhiteEloChange "-5"]
[BlackElo "1853"]
[BlackCountry "GER"]
[BlackFideId "12973874"]
[BlackEloChange "5"]

1. e4 {[%clk 1:30:57]} c5 {[%clk 1:30:54]} 2. c3 {[%clk 1:31:20]} Nf6 {[%clk
1:31:14]} 3. e5 {[%clk 1:31:45]} Nd5 {[%clk 1:31:34]} 4. Bc4 {[%clk 1:32:10]} e6
{[%clk 1:31:53]} 5. Nf3 {[%clk 1:25:31]} d6 {[%clk 1:30:10]} 6. Bxd5 {[%clk
1:22:22]} exd5 {[%clk 1:29:44]} 7. d4 {[%clk 1:22:44]} Nc6 {[%clk 1:26:57]} 8.
Qe2 {[%clk 1:18:35]} dxe5 {[%clk 1:23:49]} 9. Nxe5 {[%clk 1:18:50]} Nxe5 {[%clk
1:23:48]} 10. Qxe5+ {[%clk 1:19:16]} Qe7 {[%clk 1:24:02]} 11. Qxe7+ {[%clk
1:15:36]} Bxe7 {[%clk 1:23:10]} 12. dxc5 {[%clk 1:15:58]} Bxc5 {[%clk 1:23:34]}
13. Nd2 {[%clk 1:13:05]} O-O {[%clk 1:22:32]} 14. O-O {[%clk 1:13:22]} Bf5 {[%clk
1:19:47]} 15. Nb3 {[%clk 1:13:19]} Bb6 {[%clk 1:19:48]} 16. Bf4 {[%clk 1:07:51]}
Rfe8 {[%clk 1:19:16]} 1/2-1/2

[Event "8th Vellmar Chess Days"]
[Site "chess24.com"]
[Date "2016.07.29"]
[Round "2"]
[White "Krausse, Eckhard"]
[Black "Pubantz, Jan"]
[Result "1-0"]
[Board "28"]
[WhiteElo "2030"]
[WhiteCountry "GER"]
[WhiteFideId "4638174"]
[WhiteEloChange "3"]
[BlackElo "1723"]
[BlackCountry "GER"]
[BlackFideId "12996114"]
[BlackEloChange "-3"]

1. e4 {[%clk 1:24:36]} c5 {[%clk 1:30:52]} 2. Nf3 {[%clk 1:24:58]} d6 {[%clk
1:31:10]} 3. g3 {[%clk 1:22:49]} Nf6 {[%clk 1:25:08]} 4. d3 {[%clk 1:22:53]} g6
{[%clk 1:24:17]} 5. Bg2 {[%clk 1:21:31]} Nc6 {[%clk 1:24:22]} 6. O-O {[%clk
1:21:52]} Bg7 {[%clk 1:24:39]} 7. Nbd2 {[%clk 1:22:05]} O-O {[%clk 1:24:55]} 8.
Re1 {[%clk 1:22:15]} Qc7 {[%clk 1:23:31]} 9. Nc4 {[%clk 1:15:52]} b5 {[%clk
1:20:05]} 10. Ne3 {[%clk 1:10:37]} Bb7 {[%clk 1:17:46]} 11. Nh4 {[%clk 1:09:40]}
Nd4 {[%clk 1:12:12]} 12. c3 {[%clk 1:08:02]} Nc6 {[%clk 1:11:23]} 13. f4 {[%clk
1:08:14]} b4 {[%clk 1:09:14]} 14. Bd2 {[%clk 1:02:03]} Nd7 {[%clk 0:59:54]} 15.
Rc1 {[%clk 0:52:51]} bxc3 {[%clk 0:44:43]} 16. Bxc3 {[%clk 0:50:57]} Nd4 {[%clk
0:44:30]} 17. Nf3 {[%clk 0:50:56]} Qd8 {[%clk 0:36:33]} 18. Nc4 {[%clk 0:50:43]}
a5 {[%clk 0:31:01]} 19. Qd2 {[%clk 0:45:28]} Nxf3+ {[%clk 0:29:16]} 20. Bxf3
{[%clk 0:45:53]} Bxc3 {[%clk 0:29:35]} 21. Rxc3 {[%clk 0:45:51]} Nb8 {[%clk
0:27:16]} 22. d4 {[%clk 0:36:12]} cxd4 {[%clk 0:27:11]} 23. Qxd4 {[%clk 0:36:34]}
Nc6 {[%clk 0:27:24]} 24. Qf2 {[%clk 0:34:15]} e5 {[%clk 0:23:53]} 25. Rd1 {[%clk
0:34:17]} Nd4 {[%clk 0:21:55]} 26. Bg2 {[%clk 0:23:28]} Qe7 {[%clk 0:20:22]} 27.
fxe5 {[%clk 0:22:56]} dxe5 {[%clk 0:20:14]} 28. Nxe5 {[%clk 0:23:14]} Nb5 {[%clk
0:18:52]} 29. Rc5 {[%clk 0:18:43]} Nd6 {[%clk 0:16:16]} 30. Ng4 {[%clk 0:16:11]}
Nxe4 {[%clk 0:12:37]} 31. Bxe4 {[%clk 0:16:14]} Bxe4 {[%clk 0:12:59]} 32. Qd4
{[%clk 0:16:25]} f6 {[%clk 0:05:16]} 33. Re1 {[%clk 0:14:34]} 1-0

[Event "8th Vellmar Chess Days"]
[Site "chess24.com"]
[Date "2016.07.29"]
[Round "2"]
[White "Daechert, Peter"]
[Black "Lukas, Anne"]
[Result "1-0"]
[Board "29"]
[WhiteElo "2016"]
[WhiteCountry "GER"]
[WhiteFideId "4686713"]
[WhiteEloChange "5"]
[BlackElo "1821"]
[BlackCountry "GER"]
[BlackFideId "12945064"]
[BlackEloChange "-5"]

1. b3 {[%clk 1:03:34]} Nf6 {[%clk 1:30:17]} 2. Bb2 {[%clk 1:02:45]} c5 {[%clk
1:30:13]} 3. e3 {[%clk 1:03:09]} Nc6 {[%clk 1:30:36]} 4. f4 {[%clk 1:03:31]} d5
{[%clk 1:30:25]} 5. Bb5 {[%clk 1:03:54]} Bg4 {[%clk 1:30:24]} 6. Nf3 {[%clk
1:04:19]} e6 {[%clk 1:30:44]} 7. O-O {[%clk 1:04:43]} Be7 {[%clk 1:30:48]} 8. d3
{[%clk 1:05:07]} O-O {[%clk 1:30:56]} 9. Bxc6 {[%clk 1:05:33]} bxc6 {[%clk
1:31:19]} 10. Nbd2 {[%clk 1:05:59]} a5 {[%clk 1:31:30]} 11. a4 {[%clk 1:06:24]}
Nd7 {[%clk 1:31:00]} 12. Qe1 {[%clk 1:06:48]} Bxf3 {[%clk 1:31:02]} 13. Nxf3
{[%clk 1:06:17]} Bf6 {[%clk 1:31:10]} 14. Ne5 {[%clk 1:06:35]} Qc7 {[%clk
1:31:22]} 15. Qg3 {[%clk 1:06:18]} c4 {[%clk 1:27:59]} 16. bxc4 {[%clk 1:03:34]}
dxc4 {[%clk 1:28:22]} 17. Nxc4 {[%clk 1:02:25]} Rab8 {[%clk 1:26:40]} 18. Bxf6
{[%clk 0:59:53]} Nxf6 {[%clk 1:27:00]} 19. e4 {[%clk 1:00:16]} Rb4 {[%clk
1:25:20]} 20. Qg5 {[%clk 1:00:09]} Qa7+ {[%clk 1:24:37]} 21. Kh1 {[%clk 1:00:12]}
Rfb8 {[%clk 1:20:32]} 22. Qxa5 {[%clk 0:58:47]} Qd4 {[%clk 1:20:21]} 23. Qe5
{[%clk 0:57:16]} Qa7 {[%clk 1:19:57]} 24. h3 {[%clk 0:56:05]} Nd7 {[%clk
1:19:07]} 25. Qd6 {[%clk 0:56:00]} c5 {[%clk 1:18:10]} 26. a5 {[%clk 0:54:12]}
Nf6 {[%clk 1:13:17]} 27. Nb6 {[%clk 0:47:04]} Rb5 {[%clk 1:10:33]} 28. c4 {[%clk
0:39:56]} Rb3 {[%clk 1:12:31]} 29. Rfd1 {[%clk 0:46:03]} Nh5 {[%clk 1:10:07]} 30.
Kh2 {[%clk 0:42:35]} Rb2 {[%clk 1:10:10]} 31. Qe5 {[%clk 0:42:46]} 1-0

[Event "8th Vellmar Chess Days"]
[Site "chess24.com"]
[Date "2016.07.29"]
[Round "2"]
[White "Schindelmeiser, Frank"]
[Black "Bajorski, Marius"]
[Result "1/2-1/2"]
[Board "30"]
[WhiteElo "2000"]
[WhiteCountry "GER"]
[WhiteFideId "12976580"]
[WhiteEloChange "-6"]
[BlackElo "1753"]
[BlackCountry "GER"]
[BlackFideId "12938831"]
[BlackEloChange "6"]

1. c4 {[%clk 1:30:57]} b6 {[%clk 1:29:15]} 2. Nc3 {[%clk 1:30:37]} Bb7 {[%clk
1:29:29]} 3. e4 {[%clk 1:29:08]} e6 {[%clk 1:29:27]} 4. d4 {[%clk 1:25:28]} Bb4
{[%clk 1:29:50]} 5. d5 {[%clk 1:18:47]} f5 {[%clk 1:22:36]} 6. Bd3 {[%clk
1:10:25]} Nf6 {[%clk 1:20:04]} 7. Bg5 {[%clk 1:03:23]} h6 {[%clk 1:17:59]} 8.
Bxf6 {[%clk 0:59:46]} Qxf6 {[%clk 1:18:19]} 9. Ne2 {[%clk 0:56:57]} O-O {[%clk
1:10:12]} 10. O-O {[%clk 0:52:43]} fxe4 {[%clk 1:03:55]} 11. Bxe4 {[%clk
0:47:02]} Bc5 {[%clk 0:49:29]} 12. Bf3 {[%clk 0:47:28]} Qh4 {[%clk 0:45:14]} 13.
Qd3 {[%clk 0:45:41]} Na6 {[%clk 0:42:19]} 14. a3 {[%clk 0:44:25]} Bd6 {[%clk
0:41:04]} 15. Ng3 {[%clk 0:40:13]} Nc5 {[%clk 0:38:33]} 16. Qe2 {[%clk 0:40:05]}
Nb3 {[%clk 0:37:20]} 17. Rad1 {[%clk 0:40:33]} Nd4 {[%clk 0:37:40]} 18. Qd3
{[%clk 0:37:36]} Nxf3+ {[%clk 0:34:51]} 19. gxf3 {[%clk 0:38:04]} Qf4 {[%clk
0:31:30]} 20. Kg2 {[%clk 0:35:54]} h5 {[%clk 0:30:32]} 21. Qe4 {[%clk 0:34:07]}
h4 {[%clk 0:27:02]} 22. Qxf4 {[%clk 0:33:37]} Rxf4 {[%clk 0:26:38]} 23. Nge4
{[%clk 0:32:51]} Raf8 {[%clk 0:22:02]} 24. Nxd6 {[%clk 0:26:38]} cxd6 {[%clk
0:22:23]} 25. Ne4 {[%clk 0:26:33]} exd5 {[%clk 0:18:07]} 26. Nxd6 {[%clk
0:25:23]} Ba6 {[%clk 0:13:26]} 27. Rxd5 {[%clk 0:23:30]} Rxc4 {[%clk 0:13:26]}
28. Nxc4 {[%clk 0:23:30]} Bxc4 {[%clk 0:13:26]} 1/2-1/2